|
|
|
|
| LEADER |
00000nab a2200000 a 4500 |
| 001 |
vtls000221531 |
| 003 |
SK-MaSNL |
| 005 |
20260302204540.0 |
| 008 |
111130c1985 xo 0 slo |
| 015 |
|
|
|a SNBRB19rr/mm-uuuuu
|
| 035 |
|
|
|a CL0231645
|
| 040 |
|
|
|a SNKBUCL
|b slo
|c SNKBUCL
|e AACR2
|
| 041 |
0 |
|
|a slo
|
| 044 |
|
|
|a xo
|c SK
|
| 080 |
|
|
|a 796.88.093.1(4)
|2 1981
|
| 100 |
1 |
|
|a Hanák, Peter
|4 aut
|9 339394
|
| 245 |
1 |
0 |
|a Šalamonov ako Sulejmanov
|b 44. majstrovstvá Európy vo vzpieraní
|c Peter Hanák
|
| 300 |
|
|
|b Obr. 1.
|
| 650 |
0 |
7 |
|a vzpieranie
|2 snkbucl
|9 3253
|
| 655 |
|
7 |
|a články z novín a časopisov
|2 snkbucl
|9 267496
|
| 773 |
0 |
|
|t Šport
|g Roč. 39, č. 120 (24. 5. 1985), s. 8
|
| 850 |
|
|
|a Slovenská národná knižnica v Martine
|a MTA001
|
| 852 |
|
|
|a SNK
|b KIS3GCP
|
| 958 |
|
|
|a RK
|
| 992 |
|
|
|a RBX
|
| 999 |
|
|
|c 1473921
|d 1475851
|